| 000 | 00842nam a22001817a 4500 | ||
|---|---|---|---|
| 999 |
_c62497 _d62497 |
||
| 003 | Ge_BSU | ||
| 005 | 20241118120759.0 | ||
| 008 | 241118s1942 ge ||||| |||| 00| 0 geo d | ||
| 041 | _ageo | ||
| 080 | _a616.851 მ-68 | ||
| 100 |
_aმინდაძე, ა. _923726 |
||
| 245 |
_aმცირე ქორეის კლინიკის და მკურნალობის საკითხისათვის / _cა. მინდაძე; თბილისის სამედიცინო ინსტიტუტი. შრომათა კრებულის დამატება. |
||
| 264 |
_aთბ. : _bსაქმედგამი, _c1942. |
||
| 300 |
_a122 გვ. : _bცხრ. ; _c22 სმ. |
||
| 653 | _aმცირე ქორეა | ||
| 653 | _aმედიცინა | ||
| 942 |
_2udc _cBK |
||